| 000 | 00776cam a22002055a 4500 | ||
|---|---|---|---|
| 001 | L141424 | ||
| 008 | 071122s1974 xxk f 000 0 eng d | ||
| 035 | _a(Sirsi) u141424 | ||
| 041 | 0 | _aeng | |
| 050 | 0 | 4 | _a920 $2 18 |
| 100 | 1 | _aHarris, Alfred | |
| 245 | 0 | 0 |
_aChronicles of the firm of Widnell and Trollope, chartered quantity surveyors _bvolume one, 1852-1919 |
| 260 |
_aS.l. _bs.n. _c1974 |
||
| 300 |
_a24 p. _c26 cm. |
||
| 520 | _aSets out a history of the firm of Widnell and Trollope, including details of some of the jobs on which they worked. Clients included the Admiralty, the War Department and the Ministry of Works. | ||
| 651 | 4 |
_aUnited Kingdom _y |
|
| 690 | _aABOUT RICS-RICS MEMBERS-CHARTERED SURVEYORS | ||
| 700 | 1 |
_aBlake, David _eEditor |
|
| 942 | _n0 | ||
| 999 |
_c107656 _d107656 |
||